00629nam a22001817a 4500010001500000020002600015035001400041037001300055082001200068100001600080245006300096260004100159270004300200300002100243942002600264999001900290952013800309 aENG-120679 c650.00a9789382634140 aEN-104211 bDBAD/PUB a915.441 aSaraf, Ritu aTemples and tourist places of maharashtra /cby RItu Saraf aAllahabadbMeenakshi Prakashanc2016 a5, Khusrobagh Road,bAllahabade211001 a208p.b22cm(Hb). 2ddccENh915.441mSAR c144664d144664 001040718NFICaDBADbDBADd2017-09-15eDBAD/PUBg650.00l0o915.441 SARpEN-104211r2017-09-15 00:00:00t1v650.00w2017-09-15yEN